The naked chef (Record no. 4643)

MARC details
000 -CABECERA
campo de control de longitud fija 01293cam a2200241 a 4500
001 - NÚMERO DE CONTROL
campo de control 11818713
005 - FECHA Y HORA DE LA ÚLTIMA TRANSACCIÓN
campo de control 20250508110236.0
008 - DATOS DE LONGITUD FIJA--INFORMACIÓN GENERAL
campo de control de longitud fija 991025s2000 nyua 001 0 eng
010 ## - NÚMERO DE CONTROL DE LA BIBLIOTECA DEL CONGRESO
Número de control de LC 99054555
020 ## - NÚMERO INTERNACIONAL ESTÁNDAR DEL LIBRO
Número Internacional Estándar del Libro 9780141042954
040 ## - FUENTE DE LA CATALOGACIÓN
Centro catalogador/agencia de origen DLC
Centro/agencia transcriptor DLC
Centro/agencia modificador DLC
042 ## - CÓDIGO DE AUTENTICACIÓN
Código de autenticación pcc
050 00 - SIGNATURA TOPOGRÁFICA DE LA BIBLIOTECA DEL CONGRESO
Número de clasificación TX714
Número de documento/Ítem .O45 2000
100 ## - ENTRADA PRINCIPAL--NOMBRE DE PERSONA
Nombre de persona Oliver, Jamie,
Fechas asociadas al nombre 1975-
245 14 - MENCIÓN DE TÍTULO
Título The naked chef
Mención de responsabilidad, etc. / Jamie Oliver.
260 ## - PUBLICACIÓN, DISTRIBUCIÓN, ETC.
Lugar de publicación, distribución, etc. London,
Nombre del editor, distribuidor, etc. Penguin Books,
Fecha de publicación, distribución, etc. 2010
300 ## - DESCRIPCIÓN FÍSICA
Extensión 249 pages : color illustrations ; 25 cm
520 ## - SUMARIO, ETC.
Sumario, etc. Britain's most exciting young chef, Jamie Oliver combines bold flavours and fresh ingredients within simple recipes. He is at the cutting edge of modern life and modern British cooking. "The Naked Chef" has something for everyone - from those who want great food but want to keep it simple, to those who work for a living and don't have time to spend all evening cooking. It is about giving people confidence and getting them to feel at ease in the kitchen, even if they have never tried cooking before.
650 #0 - PUNTO DE ACCESO ADICIONAL DE MATERIA--TÉRMINO DE MATERIA
Término de materia o nombre geográfico como elemento de entrada Cooking
9 (RLIN) 24958
906 ## - ELEMENTOS DE DATOS F LOCAL, LDF (RLIN)
a 7
b cbc
c orignew
d 1
e ocip
f 19
g y-gencatlg
942 ## - ELEMENTOS DE ENTRADA AGREGADA (KOHA)
Fuente del sistema de clasificación o colocación Clasificación Decimal Dewey
Holdings
Estado de retiro Estado de pérdida Fuente del sistema de clasificación o colocación Estado dañado No para préstamo Biblioteca de origen Biblioteca actual Fecha de adquisición Total de préstamos Signatura topográfica completa Código de barras Fecha visto por última vez Número de copia Precio válido a partir de Tipo de ítem Koha
    Clasificación de Library of Congress     TBS Barcelona TBS Barcelona 08/05/2025   TX714 OLI B05839 08/05/2025 1 08/05/2025 Book

Powered by Koha